000 00200 a2200097 4500
001 41174
100 _aNicolson, H
245 _aSoem people
260 _aLondon
_bPan books
_c
090 _c25398
_d25398
942 _aNUST-CAE
_cM
_c17111
999 _c276247
_d276247